Paradise and other stories (Record no. 403011)

000 -LEADER
fixed length control field 00380cam a22001457a 4500
008 - FIXED-LENGTH DATA ELEMENTS--GENERAL INFORMATION
fixed length control field 180718b2004 xxu||||| |||| 00| 0 eng d
020 ## - INTERNATIONAL STANDARD BOOK NUMBER
International Standard Book Number 0670057789
082 ## - DEWEY DECIMAL CLASSIFICATION NUMBER
Classification number A3 Si64p
100 ## - MAIN ENTRY--PERSONAL NAME
Personal name Singh, Khuswant
245 ## - TITLE STATEMENT
Title Paradise and other stories
Statement of responsibility, etc. by Khushwant Singh
260 ## - PUBLICATION, DISTRIBUTION, ETC.
Place of publication, distribution, etc. New Delhi
Name of publisher, distributor, etc. Viking
Date of publication, distribution, etc. 2004
300 ## - PHYSICAL DESCRIPTION
Extent 239p.
650 ## - SUBJECT ADDED ENTRY--TOPICAL TERM
Topical term or geographic name entry element (Written off)
650 ## - SUBJECT ADDED ENTRY--TOPICAL TERM
Topical term or geographic name entry element English fiction
Holdings
Withdrawn status Lost status Damaged status Not for loan Permanent Location Current Location Date acquired Full call number Barcode Date last seen Price effective from Koha item type
        Indian Institute of Public Administration Indian Institute of Public Administration 2004-09-21 A3 Si64p 79610 2018-07-21 2018-07-21 Book

Powered by Koha